| 000 | 00576nam a22001577a 4500 | ||
|---|---|---|---|
| 003 | OSt | ||
| 005 | 20150905115607.0 | ||
| 008 | 150905b xxu||||| |||| 00| 0 eng d | ||
| 040 | _cRUA | ||
| 082 | _aAGR ផាត់ 1989 B001 Or.1 | ||
| 100 |
_923 _aផាត់ មុនី |
||
| 245 | _aការលូតលាស់រីកចំរើននិងទិន្នផលស្រូវទៅតាមការប្រែប្រួលនៃចំនួនគុម្ពឬដើម | ||
| 260 |
_aPhnom Penh _bRUA _c1989 |
||
| 300 |
_a74p. _bill. _c29cm. |
||
| 942 |
_2ddc _cAGR |
||
| 999 |
_c22 _d22 |
||